Państwa UEFA Euro 2020 - Statystyki

Ogólne statystyki
  • Ten quiz został rozwiązany 155 razy
  • Średni wynik to 21 z 24
Statystyki odpowiedzi
Grupa Zespół % Poprawnych
E Polska
98%
A Włochy
98%
F Portugalia
97%
F Francja
94%
E Hiszpania
94%
E Szwecja
94%
D Anglia
93%
F Niemcy
93%
C Holandia
91%
E Słowacja
90%
C Ukraina
90%
B Dania
89%
D Chorwacja
88%
A Szwajcaria
88%
B Belgia
87%
D Czechy
85%
C Austria
83%
B Rosja
83%
A Turcja
83%
A Walia
83%
F Węgry
83%
D Szkocja
80%
B Finlandia
76%
C Macedonia Północna
52%
Nie znaleziono quizów pasujących do podanych kryteriów
Rozkład punktacji
Procent ludzi z każdym wynikiem
Percentyl według liczby udzielonych odpowiedzi
Twoja historia wyników
Nie rozwiązałeś tego quizu